| 000 | 03039cam a22003737i 4500 | ||
|---|---|---|---|
| 001 | 17940876 | ||
| 003 | OSt | ||
| 005 | 20240530110619.0 | ||
| 008 | 131113s2013 ua ab b 001 0 eng d | ||
| 020 | _a9789774165634 | ||
| 040 |
_cEG-CaGPL _aEG-CaGPL |
||
| 041 | 1 |
_aeng _hcze |
|
| 082 | 0 | 4 |
_a932 _221 _bCC/V T |
| 100 | 1 |
_aVerner, Miroslav, _eauthor. |
|
| 240 | 1 | 0 |
_aChrám světa. _lEnglish |
| 245 | 1 | 0 |
_aTemple of the world : _bsanctuaries, cults, and mysteries of ancient Egypt / _cMiroslav Verner ; English translation by Anna Bryson-Gustová. |
| 264 | 1 |
_aCairo : _bThe American University in Cairo Press, _c2013. |
|
| 300 |
_axv, 608 pages : _billustrations (some color), maps ; _c24 cm |
||
| 336 |
_atext _btxt _2rdacontent |
||
| 337 |
_aunmediated _bn _2rdamedia |
||
| 338 |
_avolume _bnc _2rdacarrier |
||
| 504 | _aIncludes bibliographical references (pages 566-585) and index. | ||
| 505 | 0 | _aThe temple of the world. First Excursus: Ordinary days and feast days -- Heliopolis: The city of the sun -- Memphis: The white wall -- Hermopolis: The city of the eight -- The kingdom of Amun. Second excursus: The great festivals of the king of gods -- Amarna: City of the heretic -- Tanis: The Thebes of the north -- Abydos: The sacred land. Third excursus: Osirian mythology -- Philae: The pearl of Egypt -- Edfu: The throne of Horus -- Dendera: The Heliopolis of Hathor. Fourth excursus: The lady of the turquoise -- Alexander's City by Egypt. Final excursus: A brief outline of the overall architectural history of the ancient Egyptian temple. | |
| 520 | _a"Despite the prominence of ancient temples in the landscape of Egypt, books about them are surprisingly rare. This new and essential publication from a prominent Czech scholar answers the need for a study that goes beyond temple architecture to examine the spiritual, economic, and political aspects of these institutions and the dominant roles they played. Miroslav Verner presents a deeper and more complex study of major ancient Egyptian religious centers, their principal temples, their rise and decline, their religious doctrines, cults, rituals, feasts, and mysteries. Also discussed are the various categories of priests, the organization of the priesthood, and its daily services and customs. Each chapter offers the reader essential and up-to-date information about temple complexes and the history of their archaeological exploration, in the context of the spiritual dimension and cultural legacy of ancient Egypt."--Publisher's website. | ||
| 650 | 0 |
_aTemples _zEgypt. |
|
| 650 | 0 | _aTemples, Egyptian. | |
| 650 | 0 |
_aCults _zEgypt. |
|
| 651 | 0 |
_aEgypt _xReligion _y332 B.C.-640 A.D. |
|
| 651 | 0 |
_aEgypt _xAntiquities. |
|
| 856 | 4 | 2 |
_3Contributor biographical information _uhttp://www.loc.gov/catdir/enhancements/fy1410/2013474226-b.html |
| 856 | 4 | 2 |
_3Publisher description _uhttp://www.loc.gov/catdir/enhancements/fy1410/2013474226-d.html |
| 856 | 4 | 1 |
_3Table of contents only _uhttp://www.loc.gov/catdir/enhancements/fy1410/2013474226-t.html |
| 942 |
_2ddc _cBK |
||
| 999 |
_c63026 _d63026 |
||